Statistics for Capitals of Overseas Territories and Dependencies

Click here to take the quiz!

General Stats

  • This quiz has been taken 227 times
  • The average score is 23 of 44

Answer Stats

TerritorySovereign StateCapital% Correct
GreenlandDenmarkNuuk
83%
French GuianaFranceCayenne
80%
BermudaUnited KingdomHamilton
77%
American SamoaUnited StatesPago Pago
77%
Puerto RicoUnited StatesSan Juan
74%
French PolynesiaFrancePapeete
73%
CuraçaoNetherlandsWillemstad
72%
Falkland IslandsUnited KingdomStanley
71%
ArubaNetherlandsOranjestad
68%
Sint EustatiusNetherlandsOranjestad
68%
Faroe IslandsDenmarkTórshavn
67%
Isle of ManUnited KingdomDouglas
66%
MacauChinaMacau
63%
New CaledoniaFranceNouméa
60%
Cayman IslandsUnited KingdomGeorge Town
59%
GuamUnited StatesHagåtña
59%
British Virgin IslandsUnited KingdomRoad Town
58%
AnguillaUnited KingdomThe Valley
57%
Pitcairn IslandsUnited KingdomAdamstown
53%
Christmas IslandAustraliaFlying Fish Cove
53%
MartiniqueFranceFort-de-France
53%
JerseyUnited KingdomSt Helier
53%
GuernseyUnited KingdomSt. Peter Port
53%
Saint Helena, Ascension and Tristan da CunhaUnited KingdomJamestown
51%
ÅlandFinlandMariehamn
51%
RéunionFranceSaint-Denis
51%
NiueNew ZealandAlofi
49%
United States Virgin IslandsUnited StatesCharlotte Amalie
49%
Saint Pierre and MiquelonFranceSaint-Pierre
49%
GuadeloupeFranceBasse-Terre
47%
Northern Mariana IslandsUnited StatesSaipan
44%
BonaireNetherlandsKralendijk
42%
Cocos (Keeling) IslandsAustraliaWest Island
42%
Turks and Caicos IslandsUnited KingdomCockburn Town
40%
SabaNetherlandsThe Bottom
39%
Norfolk IslandAustraliaKingston
36%
Saint BarthélemyFranceGustavia
35%
Sint MaartenNetherlandsPhilipsburg
33%
MayotteFranceMamoudzou
32%
MontserratUnited KingdomBrades
31%
Saint MartinFranceMarigot
31%
Wallis and FutunaFranceMata Utu
25%
GibraltarUnited KingdomWestside
8%
Hong KongChinaTamar
3%

Score Distribution

Percentile by Number Answered

Percent of People with Each Score

Your Score History

You have not taken this quiz